Law humour and Urdu poetry (Record no. 337)

MARC details
000 -LEADER
fixed length control field 00384nam a2200157Ia 4500
003 - CONTROL NUMBER IDENTIFIER
control field OSt
005 - DATE AND TIME OF LATEST TRANSACTION
control field 20240404171145.0
008 - FIXED-LENGTH DATA ELEMENTS--GENERAL INFORMATION
fixed length control field 230125s9999 xx 000 0 und d
020 ## - INTERNATIONAL STANDARD BOOK NUMBER
International Standard Book Number 9789391238803
082 ## - DEWEY DECIMAL CLASSIFICATION NUMBER
Classification number UI
Item number MAQL
100 ## - MAIN ENTRY--PERSONAL NAME
Personal name Maqbool, Ejaz, ed.
245 #0 - TITLE STATEMENT
Title Law humour and Urdu poetry
260 ## - PUBLICATION, DISTRIBUTION, ETC.
Name of publisher, distributor, etc. Educational Publishing House
Date of publication, distribution, etc. 2021
Place of publication, distribution, etc. Delhi
300 ## - PHYSICAL DESCRIPTION
Extent 350
942 ## - ADDED ENTRY ELEMENTS (KOHA)
Koha item type Book
Source of classification or shelving scheme Dewey Decimal Classification
Holdings
Withdrawn status Lost status Source of classification or shelving scheme Damaged status Not for loan Collection code Home library Current library Shelving location Date acquired Cost, normal purchase price Full call number Barcode Date last seen Price effective from Koha item type Public note
    Dewey Decimal Classification     Non-fiction RIC Library RIC Library General Stacks 01/25/2023 265.00 8UI MAQL 000330 01/25/2023 01/25/2023 Book R-14.1

Venue

Rajasthan International Centre
Sansthan Path,JLN Marg, Jaipur- 302017
Phone: +91-7230904025